| 000 | 00789cam a22002535a 4500 | ||
|---|---|---|---|
| 001 | 017020004 | ||
| 003 | OSt | ||
| 005 | 20161206160101.0 | ||
| 008 | 150113t2015 flua frb 001|0 eng d | ||
| 020 | _z9781498725910 | ||
| 040 |
_aStDuBDS _beng _cStDuBDS _epn _dEG-SccBUE |
||
| 082 | 0 | 4 |
_a620.112 _222 _bMOT |
| 100 | 1 |
_aMott, Robert L. _918046 |
|
| 245 | 1 | 0 |
_aApplied strength of materials / _cRobert L. Mott. |
| 250 | _a5th ed. | ||
| 260 |
_aBoca Rston : _bCRC Press / Taylor & Francis Group, _cc.2015. |
||
| 300 |
_axiv, 776 p. : _bill. ; _c28 cm. |
||
| 500 | _aIndex : p. 771-776. | ||
| 504 | _aIncludes bibliographical references. | ||
| 650 | 7 |
_aStrength of materials. _2BUEsh _910669 |
|
| 651 | _2BUEsh | ||
| 653 |
_bENGGEN _cOctober2016 _cDecember2016 |
||
| 942 | _2ddc | ||
| 999 |
_c22725 _d22697 |
||